Loading...
History - Other History | 0 | 3 | 0 | 3 | 30 | 146 | 149.67 | 0 | 0 |
Other Academic | 0 | 3 | 1 | 0 | 25 | 133 | 137.67 | 0 | 0 |
History - European History | 0 | 3 | 2 | 3 | 20 | 139 | 148.67 | 0 | 0 |
Fine Arts - Other Fine Arts | 0 | 2 | 0 | 1 | 20 | 145 | 145.00 | 0 | 0 |
Literature - American Literature | 0 | 2 | 0 | 0 | 20 | 144 | 146.50 | 0 | 0 |
History - American History | 0 | 2 | 1 | 0 | 15 | 76 | 101.00 | 0 | 0 |
Literature - British Literature | 0 | 2 | 1 | 0 | 15 | 102 | 122.50 | 0 | 0 |
Science - Physics | 0 | 1 | 0 | 0 | 10 | 142 | 142.00 | 0 | 0 |
History - World History | 0 | 2 | 3 | 1 | 5 | 141 | 142.50 | 0 | 0 |
Current Events | 0 | 1 | 1 | 1 | 5 | 128 | 128.00 | 0 | 0 |
Philosophy | 0 | 1 | 1 | 0 | 5 | 112 | 112.00 | 0 | 1 |
Science - Biology | 0 | 1 | 1 | 1 | 5 | 115 | 115.00 | 0 | 0 |
Social Science | 0 | 0 | 0 | 0 | 0 | 0.00 | 0 | 0 | |
Fine Arts - Classical Music | 0 | 0 | 0 | 0 | 0 | 0.00 | 0 | 0 | |
Geography | 0 | 0 | 0 | 0 | 0 | 0.00 | 0 | 0 | |
Literature - European Literature | 0 | 1 | 2 | 0 | 0 | 153 | 153.00 | 0 | 0 |
Mythology | 0 | 0 | 0 | 0 | 0 | 0.00 | 0 | 0 | |
Science - Chemistry | 0 | 0 | 0 | 0 | 0 | 0.00 | 0 | 0 | |
Science - Other Science | 0 | 0 | 1 | 0 | -5 | 0.00 | 0 | 0 | |
Literature - World Literature | 0 | 0 | 1 | 0 | -5 | 0.00 | 0 | 0 | |
Religion | 0 | 0 | 2 | 0 | -10 | 0.00 | 0 | 0 |